000 00437nam a2200169Ia 4500
008 240729s9999 xx 000 0 und d
022 _a2055-5660
245 0 _aPorcine Health Management
260 _aUnited Kingdom
260 _bBMC
650 _a Animal culture
650 _a Veterinary medicine
650 _aAgriculture
856 _uhttps://doaj.org/toc/46aade3f7f274f59b819e721d1483ef6
942 _2ddc
942 _cDOAJEJ
999 _c74005
_d74005
945 _a1
_bMadushi Gamage
_c1
_dMadushi Gamage